Pattern formation : an introduction to methods (Record no. 32649)

MARC details
000 -LEADER
fixed length control field 00709nam a2200217Ia 4500
008 - FIXED-LENGTH DATA ELEMENTS--GENERAL INFORMATION
fixed length control field 191130s2006##################000#0#eng##
020 ## - INTERNATIONAL STANDARD BOOK NUMBER
International Standard Book Number 9780521817509
022 ## - INTERNATIONAL STANDARD SERIAL NUMBER
International Standard Serial Number 2006297049
040 ## - CATALOGING SOURCE
Original cataloging agency ACL
Transcribing agency ACL
082 ## - DEWEY DECIMAL CLASSIFICATION NUMBER
Classification number 500.201175 HOY
100 ## - MAIN ENTRY--PERSONAL NAME
Personal name Hoyle, Rebecca B
245 ## - TITLE STATEMENT
Title Pattern formation : an introduction to methods
Statement of responsibility, etc. Rebecca B. Hoyle
260 ## - PUBLICATION, DISTRIBUTION, ETC.
Place of publication, distribution, etc. Cambridge
Name of publisher, distributor, etc. Cambridge University Press
Date of publication, distribution, etc. 2006
300 ## - PHYSICAL DESCRIPTION
Extent x, 422 p. : ill. (some col.) ; 26 cm.()
500 ## - GENERAL NOTE
General note Includes bibliographical references (p. 408-416) and index
650 ## - SUBJECT ADDED ENTRY--TOPICAL TERM
Topical term or geographic name entry element Nonlinear theories
Topical term or geographic name entry element Pattern formation (Physical sciences)
990 ## - EQUIVALENCES OR CROSS-REFERENCES [LOCAL, CANADA]
Link information for 9XX fields 2c64414bac10000c69876ce8b1b06de6
991 ## -
-- 81597
Holdings
Withdrawn status Lost status Materials specified (bound volume or other part) Damaged status Not for loan Home library Current library Shelving location Date acquired Total Checkouts Full call number Barcode Date last seen Price effective from Koha item type
    hbk     Anna Centenary Library Anna Centenary Library 5TH FLOOR, A WING 09.10.2020   500.201175 HOY 193780 09.10.2020 09.10.2020 English Books

Find us on the map